banner-ar

اشهر الرحلات فى جنوب افريقيا / (Record no. 61124)

MARC details
000 -الفاتح
حقل البيانات ثابتة الطول 01021nam a22002297a 4500
005 - وقت وتاريخ اخر تعامل مع التسجيلة
رقم الضبط 20240530110445.0
008 - عناصر البيانات ثابتة الطول - معلومات عامة
حقل البيانات ثابتة الطول 150427s1998 ua abkog 00| 0 ara d
017 ## - رقم الايداع القانونى
رابط الحقل و رقم التتابع 1997/14286
رقم الايداع القانونى مصر . دار الكتب المصرية
020 ## - الرقم الدولى المعيارى للكتب
الرقم الدولى المعيارى للكتاب 9770155241
040 ## - مصدر الفهرسة
وكالة الفهرسة الأصلية EG-CaGPL
082 04 - رقم تصنيف ديوى العشرى
رقم الطبعة 21
رقم التصنيف 968\
رقم المادة أ أ
100 1# - المدخل الرئيسى - إسم شخصى
الإسم الشخصى أكسيلون ، اريك
245 10 - بيان العنوان
العنوان اشهر الرحلات فى جنوب افريقيا /
بيان المسئوليه,etc تحرير اريك أكسيلون ؛ ترجمة عبدالرحمن عبدالله الشيخ
260 ## - PUBLICATION, DISTRIBUTION, ETC. (IMPRINT)
تاريخ النشر أو التوزيع 1998 .
300 ## - الوصف المادى
التعداد 510 ص :
تفاصيل ماديه اخرى للوعاء ايض ؛
أبعاد الوعاء 24 سم .
490 ## - بيان السلسلة
عنوان السلسلة الالف كتاب الثانى : نافذة على الثقافة العالمية ؛
رقم المجلد/ التعيين التسلسلي 286
650 04 - المدخل الاضافى بالموضوع-مصطلح موضوعى
مصطلح موضوعي جنوب افريقيا
التقسيم الفرعي العام تاريخ
650 04 - المدخل الاضافى بالموضوع-مصطلح موضوعى
مصطلح موضوعي جنوب افريقيا
التقسيم الفرعي العام وصف و رحلات
700 0# - المدخل الاضافى - اسم شخصى
الإسم الشخصى عبدالرحمن عبدالله الشيخ
الدور مترجم
942 ## - عناصر المدخل الإضافي( كوها)
مصدر التصنيف او مخطط الترفيف Dewey Decimal Classification
Koha [default] item type كتاب
260 ## - PUBLICATION, DISTRIBUTION, ETC. (IMPRINT)
-- القاهرة :
-- الهيئة المصرية العامة للكتاب ،
Holdings
حالة التراجع حالة الفقد حالة تلف ليس للاعارة المكان المؤقت الموقع الحالى تاريخ الاكتساب اجمالي اﻻعارات رقم الطلب الباركود تاريخ اخر مشاهدة تاريخ تفعيل السعر نوع وعاء كوها
        مكتبة القاهرة الكبرى مكتبة القاهرة الكبرى 04/27/2015   968\ أ أ 160348 04/27/2015 04/27/2015 كتاب

Powered By

EGPV